书目信息 |
| 题名: |
竹子园林
|
|
| 作者: | 张宏亮 , 林德放 , 张培新 主编 | |
| 分册: | ||
| 出版信息: | 杭州 西泠印社出版社 2006.02 |
|
| 页数: | 160页 | |
| 开本: | 29cm | |
| 丛书名: | ||
| 单 册: | ||
| 中图分类: | S68 | |
| 科图分类: | ||
| 主题词: | 竹亚科--zhu ya ke--观赏园艺 | |
| 电子资源: | ||
| ISBN: | 7-80735-029-6 | |
| 000 | 00898nam0 2200265 450 | |
| 001 | 012006127202 | |
| 005 | 20061205153133.70 | |
| 010 | @a7-80735-029-6@dCNY168.00 | |
| 100 | @a20061106d2006 km y0chiy0120 ea | |
| 101 | 0 | @achi |
| 102 | @aCN@b330000 | |
| 105 | @aa a 000yy | |
| 200 | 1 | @a竹子园林@Azhu zi yuan lin@f张培新 … [等] 主编@Fzhang pei xin…[deng]zhu bian |
| 210 | @a杭州@c西泠印社出版社@d2006.02 | |
| 215 | @a160页@c图@d29cm | |
| 304 | @a主编还有:张宏亮、林德放、张荣庆 | |
| 320 | @a有书目 (第159页)。 | |
| 330 | @a本书简洁论述了竹子在园林中的应用发展历史和现状,展望了竹子在现代园林应用中的前景,总结了竹子园林的造景应用技术。 | |
| 606 | 0 | @a竹亚科@Azhu ya ke@x观赏园艺 |
| 690 | @aS68@v4 | |
| 701 | 0 | @a张宏亮@Azhang hong liang@4主编 |
| 701 | 0 | @a林德放@Alin de fang@4主编 |
| 701 | 0 | @a张培新@Azhang pei xin@4主编 |
| 801 | 0 | @aCN@c20061205 |
| 905 | @a10447@dS68@eZ157 | |
| 竹子园林/张培新 … [等] 主编.-杭州:西泠印社出版社,2006.02 |
| 160页:图;29cm |
| ISBN 7-80735-029-6:CNY168.00 |
| 本书简洁论述了竹子在园林中的应用发展历史和现状,展望了竹子在现代园林应用中的前景,总结了竹子园林的造景应用技术。 |
| ● |
| 相关链接 |
|
|
|
正题名:竹子园林
索取号:S68/Z157
 
预约/预借
| 序号 | 登录号 | 条形码 | 馆藏地/架位号 | 状态 | 备注 |
| 1 | 226650 | 202266500 | 自科库401/401自科库 98排2列2层/ [索取号:S68/Z157] | 在馆 |